000 00640nam a2200229Ia 4500
005 20250425162841.0
008 250425s9999 xx 000 0 und d
020 _a9780081001967
041 _aeng
082 _a622.33
_pCRU
100 _aCrumpton, Howard
245 0 _aWell Control For Completions And Interventions
_cHoward Crumpton
250 _aPrimera Edición
260 _aOxford
_bGulf Professional Publishing
_c2018
300 _a814 Páginas
_bGráficos
_c22.9 cm.
500 _aIncluye índice
650 _aControl de pozos
650 _aIntervenciones
650 _aTerminaciones
942 _c01
010 _a113621
999 _c237709
_d237709